The level of customer satisfaction in Yhoy grill, BF resort, Las Piñas for AY 2013-2014 / (Record no. 282515)
[ view plain ]
| 000 -LEADER | |
|---|---|
| fixed length control field | 00559nam a22001457a 4500 |
| 005 - DATE AND TIME OF LATEST TRANSACTION | |
| control field | 20150202142316.0 |
| 008 - FIXED-LENGTH DATA ELEMENTS--GENERAL INFORMATION | |
| fixed length control field | 150202b xxu||||| |||| 00| 0 eng d |
| 050 ## - LIBRARY OF CONGRESS CALL NUMBER | |
| Classification number | HF 5415.335 |
| Item number | .F363 2013 |
| 100 ## - MAIN ENTRY--PERSONAL NAME | |
| Personal name | Fernandez, Mark. |
| 245 ## - TITLE STATEMENT | |
| Title | The level of customer satisfaction in Yhoy grill, BF resort, Las Piñas for AY 2013-2014 / |
| Statement of responsibility, etc | Mark Fernandez. |
| 260 ## - PUBLICATION, DISTRIBUTION, ETC. (IMPRINT) | |
| Place of publication, distribution, etc | Philippines, Las Piñas City : |
| Name of publisher, distributor, etc | Southville International School and Colleges, |
| Date of publication, distribution, etc | c2013. |
| 300 ## - PHYSICAL DESCRIPTION | |
| Extent | 29 pages : |
| Other physical details | illustrations ; |
| Dimensions | 28 cm. |
| 521 ## - TARGET AUDIENCE NOTE | |
| Target audience note | Business Administration |
| 942 ## - ADDED ENTRY ELEMENTS (KOHA) | |
| Source of classification or shelving scheme | Library of Congress Classification |
| Koha item type | Theses |
| Call number prefix | Local |
| Withdrawn status | Lost status | Source of classification or shelving scheme | Damaged status | Home library | Current library | Shelving location | Date acquired | Source of acquisition | Sub Shelving location | Total Checkouts | Full call number | Barcode | Date last seen | Price effective from | Koha item type |
|---|---|---|---|---|---|---|---|---|---|---|---|---|---|---|---|
| Library of Congress Classification | College Library | College Library | Theses Section | 02/02/2015 | Library Fund | HF 5415.335 .F363 2013 | T0718 | 05/15/2018 | 02/02/2015 | Theses |